=LDR 00000nam 2200000 4500 =001 INLIS000000000005275 =005 20130612093525 =008 ***********************************Ind** =035 ##$$0010-061300000005275 =041 ##$$a Ind =082 ##$$a 2x2.6 =090 ##$$a 2x2.6, Sya m =100 ##$$a SYA'RONI, H.M =245 ##$$a Membuka aib saudara, Kisah-kisah teladan dari kitab Durratun - Nashihin dan Irsyadul Ibad, H.M. Sya'roni. --, =650 ##$$a 2001 $b Yogyakarta =710 ##$$a vii, 208 hlm, 18 cm =850 ##$$a Cerita dan Hadis